The measurement of effectiveness of public services : dissertation thesis /

Hlavní autor: Pichová, Simona
Korporativní autor: Univerzita Pardubice. Ústav ekonomických věd
Jazyk: Angličtina
Vydáno: Pardubice : University of Pardubice, 2017
Vydání: Edition first
Edice: Dissertation thesis
Témata:
Fyzický popis: 34 stran : ilustrace ; 21 cm
Knihy
Uloženo v:
LEADER 02553nam a2200661 i 4500
001 nkc20172904876
003 CZ PrNK
005 20170816073759.0
007 ta
008 170626s2017 xr a f m 000 0 eng
015 |a cnb002904876 
020 |a 978-80-7560-082-0  |q (brožováno) 
035 |a (OCoLC)1003288699 
040 |a BOA001  |b cze  |e rda 
043 |a e-xr--- 
045 |a y0y1 
072 7 |a 33  |x Ekonomie  |2 Konspekt  |9 4 
080 |a 330.13  |2 MRF 
080 |a 351  |2 MRF 
080 |a 024.5/.6  |2 MRF 
080 |a 005.332.1:026/027  |2 MRF 
080 |a (437.3)  |2 MRF 
080 |a (043.3)  |2 MRF 
080 |a (048.3)  |2 MRF 
100 1 |a Pichová, Simona  |7 mzk2017959084  |4 dis 
245 1 4 |a The measurement of effectiveness of public services :  |b dissertation thesis /  |c author: Simona Pichová 
250 |a Edition first 
264 1 |a Pardubice :  |b University of Pardubice,  |c 2017 
300 |a 34 stran :  |b ilustrace ;  |c 21 cm 
336 |a text  |b txt  |2 rdacontent 
337 |a bez média  |b n  |2 rdamedia 
338 |a svazek  |b nc  |2 rdacarrier 
490 1 |a Dissertation thesis 
500 |a Nad názvem: University of Pardubice, Faculty of Economics and Administration, Institute of Economic Sciences 
500 |a 25 výtisků 
502 |a Teze disertační práce (Ph.D.)--Univerzita Pardubice, Fakulta ekonomicko-správní, Ústav ekonomických věd, 2017 
504 |a Obsahuje bibliografie 
648 7 |a 2001-2020  |7 ch460601  |2 czenas 
650 0 7 |a ekonomická efektivnost  |7 ph504384  |z Česko  |y 2001-2020  |2 czenas 
650 0 7 |a veřejné služby  |7 ph118363  |z Česko  |y 2001-2020  |2 czenas 
650 0 7 |a knihovní služby  |7 ph121660  |z Česko  |y 2001-2020  |2 czenas 
650 0 7 |a výkonnost knihoven  |7 ph222878  |z Česko  |y 2001-2020  |2 czenas 
650 0 9 |a economic efficiency  |z Czechia  |y 2001-2020  |2 eczenas 
650 0 9 |a public utilities  |z Czechia  |y 2001-2020  |2 eczenas 
650 0 9 |a library services  |z Czechia  |y 2001-2020  |2 eczenas 
650 0 9 |a library service performance  |z Czechia  |y 2001-2020  |2 eczenas 
655 7 |a disertace  |7 fd132024  |2 czenas 
655 7 |a teze  |7 fd133701  |2 czenas 
655 9 |a dissertations  |2 eczenas 
655 9 |a abstracts  |2 eczenas 
710 2 |a Univerzita Pardubice.  |b Ústav ekonomických věd  |7 mzk2016911524  |4 isb 
810 2 |a Univerzita Pardubice.  |t Dissertation theses  |0 s 
910 2 |a BOA001  |b 2-1392.321 
928 9 |a Univerzita Pardubice 
990 |a BK 
995 |a 01 
991 |b 201708  |c NOV 
996 6 |b 2610713961  |c 2-1392.321  |l MZK  |r Sklad / do 1 hodiny  |n 0  |p p.v.  |w 001621133  |u 000010  |a 1  |e BOA001  |j MZK50  |s P